<?xml version="1.0" encoding="UTF-8"?>
<record
    xmlns:xsi="http://www.w3.org/2001/XMLSchema-instance"
    xsi:schemaLocation="http://www.loc.gov/MARC21/slim http://www.loc.gov/standards/marcxml/schema/MARC21slim.xsd"
    xmlns="http://www.loc.gov/MARC21/slim">

  <leader>01266nam a2200241 a 4500</leader>
  <controlfield tag="001">000045424</controlfield>
  <controlfield tag="003">DO-SdBNP</controlfield>
  <controlfield tag="005">20220207102619.0</controlfield>
  <controlfield tag="008">150309s  2014    dr     000 0 spa d</controlfield>
  <datafield tag="020" ind1=" " ind2=" ">
    <subfield code="a">9789945587050</subfield>
  </datafield>
  <datafield tag="040" ind1=" " ind2=" ">
    <subfield code="a">DO-SdBNP</subfield>
    <subfield code="b">spa</subfield>
    <subfield code="c">BNPHU</subfield>
  </datafield>
  <datafield tag="082" ind1=" " ind2=" ">
    <subfield code="a">xxxx</subfield>
    <subfield code="b">xxxx</subfield>
  </datafield>
  <datafield tag="100" ind1="1" ind2=" ">
    <subfield code="a">Medrano, N&#xE9;stor,</subfield>
    <subfield code="d">1970-</subfield>
    <subfield code="9">10301</subfield>
  </datafield>
  <datafield tag="245" ind1="1" ind2="4">
    <subfield code="a">Las huellas literarias de Juan Bosch :</subfield>
    <subfield code="b">(radiograf&#xED;a literaria de un humanista) /</subfield>
    <subfield code="c">N&#xE9;stor Medrano ; editora Irene Hern&#xE1;ndez.</subfield>
  </datafield>
  <datafield tag="260" ind1=" " ind2=" ">
    <subfield code="a">Santo Domingo :</subfield>
    <subfield code="b">Fundaci&#xF3;n Juan Bosch,</subfield>
    <subfield code="c">2014.</subfield>
  </datafield>
  <datafield tag="300" ind1=" " ind2=" ">
    <subfield code="a">117 P. ;</subfield>
    <subfield code="c">23 cm.</subfield>
  </datafield>
  <datafield tag="490" ind1="1" ind2=" ">
    <subfield code="a">Bosch Vive</subfield>
    <subfield code="v">10</subfield>
  </datafield>
  <datafield tag="500" ind1=" " ind2=" ">
    <subfield code="a">Incluye datos biogr&#xE1;ficos del autor en la solapa de la cubierta.</subfield>
  </datafield>
  <datafield tag="505" ind1="0" ind2=" ">
    <subfield code="a">El rastro literario de Juan Bosch --</subfield>
    <subfield code="t">Breves anotaciones del autor --</subfield>
    <subfield code="t">Juan Bosch : dualidad indivisible --</subfield>
    <subfield code="t">Balaguer : dos caminos distintos --</subfield>
    <subfield code="t">Bosch enfrent&#xF3; a Trujillo en lo ideol&#xF3;gico y en la acci&#xF3;n --</subfield>
    <subfield code="t">&#xBF;Por qu&#xE9; Judas Iscariote? --</subfield>
    <subfield code="t">Bosch : valor universal --</subfield>
    <subfield code="t">La impronta de Bosch con La Ma&#xF1;osa --</subfield>
    <subfield code="t">Radiograf&#xED;a de "Dos pesos de agua" --</subfield>
    <subfield code="t">Bosch : poes&#xED;a. : Neruda --</subfield>
    <subfield code="t">El tr&#xE1;nsito a la democracia post Trujillo todav&#xED;a sigue con interrogantes y deudas.</subfield>
  </datafield>
  <datafield tag="700" ind1="1" ind2="2">
    <subfield code="a">Hern&#xE1;ndez, Irene,</subfield>
    <subfield code="e">ed.</subfield>
    <subfield code="9">73475</subfield>
  </datafield>
  <datafield tag="830" ind1=" " ind2="0">
    <subfield code="a">Bosch Vive ;</subfield>
    <subfield code="n">10</subfield>
    <subfield code="9">73476</subfield>
  </datafield>
  <datafield tag="942" ind1=" " ind2=" ">
    <subfield code="2">ddc</subfield>
    <subfield code="c">LBS1</subfield>
  </datafield>
  <datafield tag="952" ind1=" " ind2=" ">
    <subfield code="0">0</subfield>
    <subfield code="1">0</subfield>
    <subfield code="2">ddc</subfield>
    <subfield code="7">1</subfield>
    <subfield code="8">MO</subfield>
    <subfield code="a">BNPHU</subfield>
    <subfield code="b">PD</subfield>
    <subfield code="c">HD</subfield>
    <subfield code="d">2015-03-09</subfield>
    <subfield code="i">LF1</subfield>
    <subfield code="l">0</subfield>
    <subfield code="o">BNPHU PD</subfield>
    <subfield code="p">45424-10</subfield>
    <subfield code="r">2020-06-25</subfield>
    <subfield code="w">2020-06-25</subfield>
    <subfield code="y">1</subfield>
  </datafield>
  <datafield tag="999" ind1=" " ind2=" ">
    <subfield code="c">44913</subfield>
    <subfield code="d">44913</subfield>
  </datafield>
</record>
